书目信息 |
| 题名: |
反思性教学
|
|
| 作者: | 熊川武 | |
| 分册: | ||
| 出版信息: | 上海 华东师范大学 1999 |
|
| 页数: | 229页 | |
| 开本: | 20cm | |
| 丛书名: | ||
| 单 册: | ||
| 中图分类: | G426 | |
| 科图分类: | ||
| 主题词: | 教学理论 | |
| 电子资源: | ||
| ISBN: | 7-5617-2013-0 | |
| 000 | 00506nam0 2200181 450 | |
| 001 | 0753865015 | |
| 005 | 20070818145745.01 | |
| 010 | @a7-5617-2013-0@b精装@d¥17.00 | |
| 100 | @a20070818d km y0chiy0120 ea | |
| 101 | 0 | @achi |
| 200 | 1 | @a反思性教学@Afan si xing jiao xue@f熊川武等@Fxiong chuan wu deng |
| 210 | @a上海@c华东师范大学@d1999 | |
| 215 | @a229页@d20cm | |
| 606 | 0 | @a教学理论 |
| 690 | @aG426@v3 | |
| 701 | 0 | @a熊川武@Axiong chuan wu |
| 801 | 0 | @aCN@bPFT@c20070818 |
| 905 | @a213230@dG426@ee542@f1 | |
| 反思性教学/熊川武等.-上海:华东师范大学,1999 |
| 229页;20cm |
| ISBN 7-5617-2013-0(精装):¥17.00 |
| ● |
| 相关链接 |
|
|
|
|
正题名:反思性教学
索取号:G426/e542
 
预约/预借
| 序号 | 登录号 | 条形码 | 馆藏地/架位号 | 状态 | 备注 |
| 1 | 6302673 | 263026736 | 教育系资料室/ [索取号:G426/e542] | 在馆 |